| 000 | 02101cam a22003134a 4500 | ||
|---|---|---|---|
| 001 | 13173089 | ||
| 003 | ARRUPE | ||
| 005 | 20150911104858.0 | ||
| 008 | 030423s2003 nyu b 001 0 eng | ||
| 010 | _a 2003009412 | ||
| 020 | _a1591021057 (pbk. : alk. paper) | ||
| 040 |
_aDLC _cDLC _dDLC |
||
| 042 | _apcc | ||
| 050 | 0 | 0 |
_aB808.5 _b.H68 2003 |
| 082 | 0 | 0 |
_a146/.4 _221 |
| 100 | _4Prado, C. G. | ||
| 245 | 0 | 2 |
_aA house divided : _bcomparing analytic and continental philosophy / _cedited by C.G. Prado. |
| 260 |
_aAmherst, N.Y. : _bHumanity Books, _c2003. |
||
| 300 |
_a329 p.; _c23 cm. |
||
| 504 | _aIncludes bibliographical references and index. | ||
| 505 | 0 | _aAnalytic and conversational philosophy / Richard Rorty -- Carnap's contexts : Comte, Heidegger, Nietzsche / Barry Allen -- On the analytic-continental divide in philosophy : Nietzsche's lying truth, Heidegger's speaking language, and philosophy / Babette E. Babich -- Phenomenology : straight and Hetero / David R. Cerbone -- Davidson and Wittgenstein on knowledge, communication and social justice / Sharyn Clough and Jonathan Kaplan -- Heidegger and Quine on the (ir)relevance of logic for philosophy / Richard Matthews -- Correspondence, construction, and realism : the case of Searle and Foucault / C.G. Prado -- Illuminating language : interpretation and understanding in Gadamer and Davidson / Bjørn Torgrim Ramberg -- Davidson and Rorty on truth : reshaping analytic philosophy for a transcontinental conversation / Mike Sandbothe -- Time, synthesis, and the end of metaphysics : Heidegger and Strawson on Kant / Barry Stocker -- Much ado about the nothing : Carnap and Heidegger on logic and metaphysics / Edward Witherspoon. | |
| 650 | 0 |
_aAnalysis (Philosophy) _919742 |
|
| 650 | 0 |
_aPhilosophy, European _919665 |
|
| 650 | 0 |
_aPhilosophy, Modern. _919743 |
|
| 700 | 1 |
_aPrado, C. G. _96776 |
|
| 906 |
_a7 _bcbc _corignew _d1 _eecip _f20 _gy-gencatlg |
||
| 942 |
_2lcc _cMONOGRAPH |
||
| 999 |
_c123374 _d123374 |
||